La punta de la historia : punta alta y su historia /
Guardado en:
| Autor Principal: | |
|---|---|
| Formato: | Libro |
| Publicado: |
Bahía Blanca :
Udiuns,
2010
|
| Series: | Colección Cuadernos de Historias del Sur Bonaerense; No. 1
|
| Materias: | |
| Etiquetas: |
Agregar Etiqueta
Sin Etiquetas, Sea el primero en etiquetar este registro!
|
| LEADER | 00683nam a22002055a 4500 | ||
|---|---|---|---|
| 001 | CEM.cems013401 | ||
| 005 | 20100826154605.0 | ||
| 008 | 130507s2010##################000#0#####d | ||
| 003 | CEMS | ||
| 020 | |a 9789871648122 | ||
| 082 | 0 | 4 | |a 982.12 |
| 100 | 1 | |a Chalier, Gustavo | |
| 245 | 1 | 0 | |a La punta de la historia : |b punta alta y su historia / |c Gustavo Chalier |
| 260 | |a Bahía Blanca : |b Udiuns, |c 2010 | ||
| 300 | |a 80 p. | ||
| 490 | 0 | |a Colección Cuadernos de Historias del Sur Bonaerense; No. 1 | |
| 653 | |a Historia | ||
| 653 | |a Punta alta-historia | ||
| 859 | |a CEMS |b BIB. CEMS - 11 de abril |h 982.12 |i Ch87 |p 26022.10 |t Ej.1 | ||
| 859 | |a CEMS |b BIB. CEMS - 11 de abril |h 982.12 |i Ch87 |p 26023.10 |t Ej.2 | ||
